000 00998cam a22003013a 4500
001 2447
003 PGUSA
005 20140828083015.0
008 001201s2000||||xxu|||||s|||||000 | eng d
040 _aPGUSA
_beng
042 _adc
050 4 _aDA
100 1 _aStrachey, Lytton,
_d1880-1932
245 1 0 _aEminent Victorians
_h[electronic resource] /
_cLytton Strachey
260 _bProject Gutenberg,
_c2000
505 0 _aCardinal Manning -- Florence Nightingale -- Dr. Arnold -- The end of General Gordon
506 _aPublic domain in the USA.
516 _aElectronic text
653 _aManning, Henry Edward, 1808-1892
653 _aGreat Britain -- Biography
653 _aGordon, Charles George, 1833-1885
653 _aNightingale, Florence, 1820-1910
653 _aGreat Britain -- History -- Victoria, 1837-1901 -- Biography
653 _aArnold, Thomas, 1795-1842
830 0 _aProject Gutenberg
_v2447
856 4 0 _uhttp://www.gutenberg.org/ebooks/2447
942 _cEB
999 _c231784
_d231784